000 00396cam a2200169 4500
001 D12016
008 090401t1954 xxu||||| |||| 00| 0 eng d
035 _a(Sirsi) u741
041 _aeng
100 _aAsh, Peter
245 _aHousing repairs and rents
260 _bIncorporated Society of Auctioneers and
_c1954
350 _a0
520 _aShelf 113
942 _n0
948 _c04/03/1997
999 _c85586
_d85586